[Event "Bodensee op"]
[Site "Bregenz"]
[Date "2024.05.10"]
[Round "7"]
[White "Osterwald, Elwin"]
[Black "Busch, Mike"]
[Result "0-1"]
[WhiteElo "2064"]
[BlackElo "1897"]
[PlyCount "52"]
[EventDate "2024.05.04"]
[EventType "swiss"]
[EventRounds "9"]
[EventCountry "AUT"]
[SourceTitle "CB20_2024"]
[SourceDate "2024.05.16"]
[SourceVersion "1"]
[SourceVersionDate "2024.05.16"]
[SourceQuality "1"]

1. Nf3 f5 2. d3 Nc6 3. d4 e6 4. g3 b6 5. Bg2 Bb7 6. 0-0 Nf6 7. c4 Be7 8. Nc3 0-0 9. d5 Na5 10. Nd4 Nxc4 11. dxe6 Bxg2 12. Kxg2 Bc5 13. Nxf5 dxe6 14. Qb3 exf5 15. Qxc4+ Kh8 16. Bf4 Nh5 17. Rad1 Nxf4+ 18. Qxf4 Bd6 19. Qc4 Qf6 20. Rd2 f4 21. Ne4 Qh6 22. Rfd1 Be5 23. b4 Rae8 24. Rd5 Qg6 25. f3 h5 26. Qb5 c6 0-1

[Event "Bodensee op"]
[Site "Bregenz"]
[Date "2024.05.08"]
[Round "5"]
[White "Osterwald, Elwin"]
[Black "Pragnya, HG."]
[Result "1/2-1/2"]
[WhiteElo "2064"]
[BlackElo "1900"]
[PlyCount "58"]
[EventDate "2024.05.04"]
[EventType "swiss"]
[EventRounds "9"]
[EventCountry "AUT"]
[SourceTitle "CB20_2024"]
[SourceDate "2024.05.16"]
[SourceVersion "1"]
[SourceVersionDate "2024.05.16"]
[SourceQuality "1"]

1. Nf3 Nf6 2. c4 e6 3. g3 b6 4. Bg2 Bb7 5. 0-0 Be7 6. b3 d5 7. Bb2 0-0 8. e3 Nbd7 9. d4 Ne4 10. Nbd2 f5 11. Ne1 Bb4 12. Ndf3 Qe8 13. Nd3 Bd6 14. Rc1 c6 15. b4 Ba6 16. c5 Bxd3 17. Qxd3 bxc5 18. dxc5 Bc7 19. Qa6 Ndf6 20. Be5 Rf7 21. Bxc7 Rxc7 22. Ne5 Nd7 23. Nxd7 Qxd7 24. Rfd1 Rb8 25. a3 Qc8 26. Qd3 a5 27. f3 Nf6 28. Rb1 axb4 29. axb4 e5 1/2-1/2

[Event "Bodensee op"]
[Site "Bregenz"]
[Date "2023.05.21"]
[Round "9"]
[White "Osterwald, Elwin"]
[Black "Hess, Christian"]
[Result "1/2-1/2"]
[WhiteElo "2089"]
[BlackElo "2239"]
[PlyCount "43"]
[EventDate "2023.05.13"]
[EventType "swiss"]
[EventRounds "9"]
[EventCountry "AUT"]
[SourceTitle "CBM 215 Extra"]
[Source "ChessBase"]
[SourceDate "2023.09.30"]
[SourceVersion "1"]
[SourceVersionDate "2023.09.30"]
[SourceQuality "1"]

1. d4 d5 2. Nf3 c5 3. dxc5 e6 4. e4 Bxc5 5. Bb5+ Nc6 6. 0-0 Nf6 7. exd5 exd5 8. Bg5 0-0 9. Nbd2 Bg4 10. Nb3 Bb6 11. c3 Ne5 12. Be2 Nc4 13. Qc2 h6 14. Bh4 g5 15. Bg3 Re8 16. Rad1 Qe7 17. Bxc4 Bxf3 18. gxf3 dxc4 19. Nd4 Bxd4 20. Rxd4 Rad8 21. Rfd1 Nh5 22. Rxd8 1/2-1/2

[Event "Bodensee op"]
[Site "Bregenz"]
[Date "2022.05.27"]
[Round "7"]
[White "Schmuki, Roman"]
[Black "Osterwald, Elwin"]
[Result "0-1"]
[WhiteElo "1933"]
[BlackElo "2133"]
[PlyCount "52"]
[EventDate "2022.05.21"]
[EventType "swiss"]
[EventRounds "9"]
[EventCountry "AUT"]
[SourceTitle "CBM 208 Extra"]
[Source "ChessBase"]
[SourceDate "2022.07.31"]
[SourceVersion "1"]
[SourceVersionDate "2022.07.31"]
[SourceQuality "1"]

1. e4 d6 2. d4 Nf6 3. Bd3 e5 4. c3 Nbd7 5. Nf3 d5 6. Nxe5 dxe4 7. Nxd7 Qxd7 8. Be2 Qf5 9. Na3 Qg6 10. Kf1 Bd6 11. Nc4 0-0 12. h3 Nd5 13. Nxd6 Qxd6 14. c4 Ne7 15. d5 f5 16. h4 f4 17. Qd4 f3 18. gxf3 exf3 19. Bd3 Nf5 20. Qc3 Rf7 21. Be4 Ng3+ 22. fxg3 Qxg3 23. Qc2 Bh3+ 24. Rxh3 Qxh3+ 25. Kf2 Qh2+ 26. Kf1 f2 0-1

[Event "Bodensee op"]
[Site "Bregenz"]
[Date "2022.05.23"]
[Round "3"]
[White "Wacker, Peter"]
[Black "Osterwald, Elwin"]
[Result "1-0"]
[WhiteElo "2264"]
[BlackElo "2133"]
[PlyCount "63"]
[EventDate "2022.05.21"]
[EventType "swiss"]
[EventRounds "9"]
[EventCountry "AUT"]
[SourceTitle "CBM 208 Extra"]
[Source "ChessBase"]
[SourceDate "2022.07.31"]
[SourceVersion "1"]
[SourceVersionDate "2022.07.31"]
[SourceQuality "1"]

1. e4 e6 2. d4 d5 3. Nc3 Nf6 4. Bg5 Bb4 5. exd5 Qxd5 6. Bxf6 Bxc3+ 7. bxc3 gxf6 8. Nf3 Nd7 9. Bd3 Nb6 10. 0-0 Bd7 11. Re1 Bc6 12. Be4 Qd7 13. Nd2 0-0-0 14. Qf3 Bxe4 15. Rxe4 Qc6 16. Re3 Nd5 17. Rd3 Rhg8 18. g3 h5 19. a3 Qa4 20. c4 Nb6 21. c5 Nd5 22. Rc1 Rg4 23. Nb3 Qc4 24. h3 Rg6 25. Nd2 Qa6 26. c4 Ne7 27. d5 h4 28. Nf1 Qa5 29. dxe6 Rf8 30. exf7 Qxc5 31. Rcd1 Nc6 32. Rd5 1-0

[Event "Bodensee op"]
[Site "Bregenz"]
[Date "2019.05.30"]
[Round "6"]
[White "Froewis, Georg"]
[Black "Osterwald, Elwin"]
[Result "1-0"]
[WhiteElo "2442"]
[BlackElo "2134"]
[PlyCount "73"]
[EventDate "2019.05.25"]
[EventType "swiss"]
[EventRounds "9"]
[EventCountry "AUT"]
[SourceTitle "CBM 190 Extra"]
[Source "ChessBase"]
[SourceDate "2019.07.15"]
[SourceVersion "1"]
[SourceVersionDate "2019.07.15"]
[SourceQuality "1"]

1. e4 e6 2. d3 c5 3. Nf3 Nc6 4. g3 g6 5. Bg2 Bg7 6. 0-0 Nge7 7. c3 0-0 8. Re1 d6 9. Be3 e5 10. Nfd2 Be6 11. f4 f5 12. Na3 Qd7 13. fxe5 Nxe5 14. Ndc4 Rac8 15. Nxe5 dxe5 16. exf5 gxf5 17. Bf2 Ng6 18. Qe2 b6 19. b3 Rce8 20. Rad1 f4 21. Qe4 Kh8 22. Qb7 Qxb7 23. Bxb7 Bg4 24. Rc1 Bh6 25. Rc2 Bf5 26. Be4 Rd8 27. Nc4 Bxe4 28. dxe4 fxg3 29. hxg3 Rd3 30. Nb2 Rd2 31. Re2 Rd7 32. b4 Rg8 33. Kh2 Rf7 34. bxc5 bxc5 35. Bxc5 Rf3 36. Rf2 Nh4 37. Bd6 1-0

[Event "Bodensee op"]
[Site "Bregenz"]
[Date "2019.05.27"]
[Round "3"]
[White "Osterwald, Elwin"]
[Black "Pernsteiner, Christian"]
[Result "1-0"]
[WhiteElo "2134"]
[BlackElo "1888"]
[PlyCount "73"]
[EventDate "2019.05.25"]
[EventType "swiss"]
[EventRounds "9"]
[EventCountry "AUT"]
[SourceTitle "CBM 190 Extra"]
[Source "ChessBase"]
[SourceDate "2019.07.15"]
[SourceVersion "1"]
[SourceVersionDate "2019.07.15"]
[SourceQuality "1"]

1. c4 Nf6 2. Nc3 g6 3. e4 d6 4. d4 Bg7 5. h3 0-0 6. Nf3 e5 7. d5 Na6 8. Be3 Nc5 9. Qc2 a5 10. g4 b6 11. Be2 Bd7 12. Nd2 a4 13. 0-0-0 a3 14. b3 Na6 15. Nf1 c6 16. g5 Ne8 17. Bg4 Nb4 18. Qd2 c5 19. Kb1 Nc7 20. Qe2 Ra5 21. Nd2 b5 22. h4 Bxg4 23. Qxg4 bxc4 24. Nxc4 Nb5 25. Nxb5 Rxb5 26. h5 f5 27. gxf6 Qxf6 28. hxg6 hxg6 29. Qd7 Qf3 30. Qe6+ Rf7 31. Nxd6 Rbb7 32. Qxg6 c4 33. Nxb7 c3 34. Qh7+ Kf8 35. Bc5+ Ke8 36. Bxb4 Rxb7 37. Qg8+ 1-0

[Event "BEL-chT 1819"]
[Site "Belgium"]
[Date "2019.02.24"]
[Round "8.6"]
[White "Osterwald, Elwin"]
[Black "Capone, Nicola"]
[Result "1/2-1/2"]
[WhiteElo "2167"]
[BlackElo "2300"]
[PlyCount "42"]
[EventDate "2018.09.30"]
[EventType "team-tourn"]
[EventRounds "11"]
[EventCountry "BEL"]
[SourceTitle "CBM 189 Extra"]
[Source "ChessBase"]
[SourceDate "2019.06.03"]
[SourceVersion "1"]
[SourceVersionDate "2019.06.03"]
[SourceQuality "1"]
[WhiteTeam "Jean Jaures"]
[BlackTeam "Fontaine"]
[WhiteTeamCountry "BEL"]
[BlackTeamCountry "BEL"]

1. f4 d5 2. Nf3 g6 3. g3 Bg7 4. Bg2 Nf6 5. 0-0 0-0 6. d3 c5 7. c3 Nc6 8. Na3 b6 9. Qc2 Ba6 10. Rd1 Qc7 11. b4 Bb7 12. bxc5 bxc5 13. e4 dxe4 14. dxe4 Rad8 15. Be3 Ng4 16. Bd2 Ba6 17. h3 Qa5 18. hxg4 Qxa3 19. Be1 Bc4 20. e5 Qa6 21. Ng5 Na5 1/2-1/2

[Event "BEL-chT 1819"]
[Site "Belgium"]
[Date "2018.11.18"]
[Round "4.6"]
[White "Klein, Felix"]
[Black "Osterwald, Elwin"]
[Result "1-0"]
[WhiteElo "2307"]
[BlackElo "2167"]
[PlyCount "75"]
[EventDate "2018.09.30"]
[EventType "team-tourn"]
[EventRounds "11"]
[EventCountry "BEL"]
[SourceTitle "CBM 187 Extra"]
[Source "ChessBase"]
[SourceDate "2018.11.04"]
[SourceVersion "1"]
[SourceVersionDate "2018.11.04"]
[SourceQuality "1"]
[WhiteTeam "KSK Rochade"]
[BlackTeam "Jean Jaures"]
[WhiteTeamCountry "BEL"]
[BlackTeamCountry "BEL"]

1. e4 d6 2. d4 Nf6 3. Nc3 g6 4. Be3 c6 5. Qd2 b5 6. f3 Nbd7 7. h4 h5 8. Nh3 Bg7 9. Ng5 Qc7 10. Nd1 Nb6 11. Nf2 a6 12. Be2 Rb8 13. b3 Nbd7 14. a4 0-0 15. axb5 cxb5 16. 0-0 Bb7 17. c4 b4 18. f4 e5 19. fxe5 dxe5 20. d5 Nc5 21. Qxb4 Nfd7 22. Qc3 f6 23. Nf3 f5 24. Ng5 a5 25. Ne6 Nxe6 26. dxe6 Nc5 27. Bxc5 Qxc5 28. Rxa5 Qe7 29. c5 Bc8 30. b4 Bxe6 31. Bc4 Rfd8 32. b5 Rd4 33. Bxe6+ Qxe6 34. c6 fxe4 35. c7 Rc8 36. Ra6 Rd6 37. Rxd6 Qxd6 38. Qb3+ 1-0

[Event "Bodensee op"]
[Site "Bregenz"]
[Date "2018.05.13"]
[Round "9"]
[White "Osterwald, Elwin"]
[Black "Weidel, Albrecht"]
[Result "1/2-1/2"]
[WhiteElo "2186"]
[BlackElo "2096"]
[PlyCount "45"]
[EventDate "2018.05.05"]
[EventType "swiss"]
[EventRounds "9"]
[EventCountry "AUT"]
[SourceTitle "CBM 184 Extra"]
[Source "ChessBase"]
[SourceDate "2018.06.28"]
[SourceVersion "1"]
[SourceVersionDate "2018.06.28"]
[SourceQuality "1"]

1. Nf3 d5 2. c4 e6 3. g3 Nf6 4. Bg2 Be7 5. 0-0 0-0 6. b3 c5 7. e3 Nc6 8. Bb2 b6 9. Qe2 Bb7 10. Rd1 Qc7 11. Nc3 Rac8 12. Rac1 Rfd8 13. cxd5 exd5 14. d4 Qd7 15. dxc5 bxc5 16. Ng5 Qf5 17. h4 h6 18. Nxd5 Rxd5 19. Rxd5 Nxd5 20. e4 Nf4 21. gxf4 Qxf4 22. Nf3 Rd8 23. Rd1 1/2-1/2

[Event "Bodensee op"]
[Site "Bregenz"]
[Date "2017.05.24"]
[Round "5"]
[White "Mojzis, Jaroslav"]
[Black "Osterwald, Elwin"]
[Result "0-1"]
[WhiteElo "2090"]
[BlackElo "2184"]
[PlyCount "59"]
[EventDate "2017.05.20"]
[EventType "swiss"]
[EventRounds "9"]
[EventCountry "AUT"]
[SourceTitle "CBM 178 Extra"]
[Source "ChessBase"]
[SourceDate "2017.06.22"]
[SourceVersion "1"]
[SourceVersionDate "2017.06.22"]
[SourceQuality "1"]

1. d4 e6 2. c4 f5 3. Nf3 Nf6 4. g3 g6 5. Bg2 Bg7 6. Nc3 0-0 7. Bf4 d6 8. Qd2 Ne4 9. Nxe4 fxe4 10. Ng1 Qf6 11. 0-0-0 Nc6 12. Be3 d5 13. h4 b6 14. Nh3 Na5 15. b3 c5 16. cxd5 exd5 17. Nf4 Bb7 18. Kb1 Rad8 19. h5 Nc6 20. hxg6 hxg6 21. Qb2 Nxd4 22. Bxd4 cxd4 23. Rc1 Qf7 24. Qa3 a5 25. Qa4 Qf6 26. Bh3 Rfe8 27. Kc2 d3+ 28. exd3 exd3+ 29. Kd1 Qb2 30. Bf1 0-1

[Event "Amsterdam Science Park op-A"]
[Site "Amsterdam"]
[Date "2016.07.11"]
[Round "3"]
[White "Osterwald, Elwin"]
[Black "Brink, Barry"]
[Result "1-0"]
[WhiteElo "2161"]
[BlackElo "2309"]
[PlyCount "83"]
[EventDate "2016.07.09"]
[EventType "swiss"]
[EventRounds "9"]
[EventCountry "NED"]
[SourceTitle "CBM 173 Extra"]
[Source "ChessBase"]
[SourceDate "2016.08.29"]
[SourceVersion "1"]
[SourceVersionDate "2016.08.29"]
[SourceQuality "1"]

1. e4 c5 2. Nf3 e6 3. d3 Nc6 4. g3 Nf6 5. Bg2 d5 6. Qe2 Be7 7. 0-0 b6 8. e5 Nd7 9. h4 Qc7 10. Re1 Bb7 11. c3 h6 12. h5 b5 13. Nbd2 a5 14. Nf1 b4 15. Bf4 a4 16. Ne3 Qa5 17. c4 d4 18. Nf1 0-0-0 19. N1d2 Rdg8 20. Ne4 g5 21. hxg6 Rxg6 22. Nd6+ Bxd6 23. exd6 Qd8 24. Qd1 Qa5 25. Nh4 Rg7 26. Qh5 Qa8 27. Bxc6 Bxc6 28. Be5 f6 29. Bxf6 Nxf6 30. Qxc5 Nd7 31. Qxd4 e5 32. Rxe5 Nxe5 33. Qxe5 Qb7 34. Nf5 Rhg8 35. Nxg7 Qxg7 36. Qc5 Kb7 37. d4 Rc8 38. d5 Bd7 39. Qxb4+ Ka6 40. c5 Bb5 41. Re1 Rf8 42. d7 1-0

[Event "Amsterdam Science Park op-A 1st"]
[Site "Amsterdam"]
[Date "2011.07.17"]
[Round "9"]
[White "Osterwald, Elwin"]
[Black "Theulings, Paul Peter"]
[Result "1/2-1/2"]
[WhiteElo "2200"]
[BlackElo "2120"]
[PlyCount "23"]
[EventDate "2011.07.09"]
[EventType "swiss"]
[EventRounds "9"]
[EventCountry "NED"]
[SourceTitle "CBM 143 Extra"]
[Source "ChessBase"]
[SourceDate "2011.08.29"]
[SourceVersion "1"]
[SourceVersionDate "2011.08.29"]
[SourceQuality "1"]

1. c4 Nf6 2. g3 e5 3. Bg2 Nc6 4. Nc3 Bc5 5. e3 0-0 6. Nge2 d5 7. cxd5 Nb4 8. d4 exd4 9. exd4 Bb6 10. Bg5 Bf5 11. 0-0 h6 12. Bxf6 1/2-1/2

[Event "Amsterdam Science Park op-A 1st"]
[Site "Amsterdam"]
[Date "2011.07.11"]
[Round "3"]
[White "Osterwald, Elwin"]
[Black "Afek, Yochanan"]
[Result "1/2-1/2"]
[WhiteElo "2200"]
[BlackElo "2298"]
[PlyCount "51"]
[EventDate "2011.07.09"]
[EventType "swiss"]
[EventRounds "9"]
[EventCountry "NED"]
[SourceTitle "CBM 143 Extra"]
[Source "ChessBase"]
[SourceDate "2011.08.29"]
[SourceVersion "1"]
[SourceVersionDate "2011.08.29"]
[SourceQuality "1"]

1. c4 Nf6 2. g3 g6 3. Bg2 Bg7 4. Nc3 0-0 5. e4 d6 6. Nge2 e5 7. 0-0 Nc6 8. d3 Nh5 9. Be3 f5 10. Qd2 Nd4 11. Bg5 Nxe2+ 12. Nxe2 Qe8 13. Be3 c6 14. exf5 Bxf5 15. d4 Rd8 16. Rad1 Bg4 17. Rfe1 Qf7 18. dxe5 Bxe5 19. f3 Be6 20. f4 Bg7 21. b3 a6 22. Nd4 Bg4 23. Nf3 Nf6 24. Bb6 Bxf3 25. Bxf3 Rd7 26. Bg2 1/2-1/2

[Event "Amsterdam Science Park op-A 1st"]
[Site "Amsterdam"]
[Date "2011.07.09"]
[Round "1"]
[White "Friedel, Joshua E"]
[Black "Osterwald, Elwin"]
[Result "1-0"]
[WhiteElo "2531"]
[BlackElo "2200"]
[PlyCount "33"]
[EventDate "2011.07.09"]
[EventType "swiss"]
[EventRounds "9"]
[EventCountry "NED"]
[SourceTitle "CBM 143 Extra"]
[Source "ChessBase"]
[SourceDate "2011.08.29"]
[SourceVersion "1"]
[SourceVersionDate "2011.08.29"]
[SourceQuality "1"]

1. e4 c5 2. Nf3 e6 3. d4 cxd4 4. Nxd4 a6 5. Nc3 Qc7 6. Bd3 Nc6 7. Nxc6 dxc6 8. 0-0 Nf6 9. f4 Be7 10. e5 Nd5 11. Ne4 c5 12. c4 Nb4 13. Bb1 0-0 14. Bd2 Nc6 15. Bc3 b5 16. Nf6+ Bxf6 17. Bxh7+ 1-0

[Event "Dieren op"]
[Site "Dieren"]
[Date "1997.??.??"]
[Round "1"]
[White "Milov, Leonid"]
[Black "Osterwald, Elwin"]
[Result "1-0"]
[WhiteElo "2490"]
[BlackElo "2160"]
[PlyCount "37"]
[EventDate "1997.07.??"]
[EventType "swiss"]
[EventRounds "9"]
[EventCountry "NED"]
[SourceTitle "EXT 1998"]
[Source "ChessBase"]
[SourceDate "1997.11.17"]
[SourceVersion "1"]
[SourceVersionDate "1997.11.17"]
[SourceQuality "1"]

1. e4 c5 2. Nf3 e6 3. d4 cxd4 4. Nxd4 a6 5. Bd3 Bc5 6. Be3 Qb6 7. c3 Nc6 8. Nd2 Nxd4 9. Nc4 Qa7 10. cxd4 Bxd4 11. e5 Bxe3 12. fxe3 Nh6 13. Nd6+ Ke7 14. Qf3 Rf8 15. Qg3 Qc5 16. 0-0 Ng4 17. Qh4+ f6 18. Qxg4 Qxe3+ 19. Kh1 1-0

[Event "Dieren op"]
[Site "Dieren"]
[Date "1997.??.??"]
[Round "8"]
[White "Osterwald, Elwin"]
[Black "Hendriks, Richard V"]
[Result "1/2-1/2"]
[WhiteElo "2160"]
[BlackElo "2321"]
[PlyCount "33"]
[EventDate "1997.07.??"]
[EventType "swiss"]
[EventRounds "9"]
[EventCountry "NED"]
[SourceTitle "EXT 1998"]
[Source "ChessBase"]
[SourceDate "1997.11.17"]
[SourceVersion "1"]
[SourceVersionDate "1997.11.17"]
[SourceQuality "1"]

1. d4 Nf6 2. Bg5 e6 3. e4 h6 4. Bxf6 Qxf6 5. Nc3 d6 6. Qd2 g6 7. Nf3 Qe7 8. e5 a6 9. Bd3 Bg7 10. 0-0-0 Nd7 11. Rhe1 0-0 12. Qf4 dxe5 13. dxe5 Nc5 14. Ne4 Nxe4 15. Qxe4 Bd7 16. Qf4 Bc6 17. g3 1/2-1/2